| 000 | 01354nam0a22003131 4500 | ||
|---|---|---|---|
| 001 | rc\2937159 | ||
| 005 | 20250810053726.0 | ||
| 035 | _a(NLR Aleph) 007086214 | ||
| 090 |
_a6527327 _c6527327 |
||
| 100 | _a20110823d1943 u y0rusy50 ca | ||
| 101 | 0 | _arus | |
| 102 | _aRU | ||
| 105 | _aa z ||||| | ||
| 200 | 1 |
_aКонструкция и технологический процесс изготовления унифицированного запала для ручных гранат _fПод ред. Розовского, Б.Ш. _gСССР. Нар. ком. боеприпасов. Бюро техн. пропаганды |
|
| 210 |
_aМосква _cНКАП СССР - Оборонгиз _d1943 |
||
| 215 |
_a58 с. _cил., табл., черт. _d21 см |
||
| 300 | _aНа 2-й с. обл.: "Сборник сост. инж. Вицени Е.М., ... инж. Фоменко А.С., ... инж. Рыжиков П.В." | ||
| 702 | 1 |
_aРозовский _bБ.Ш. _4340 |
|
| 702 | 1 |
_aВицени _bЕ.М. _4220 |
|
| 702 | 1 |
_aФоменко _bЕ.И. _4220 |
|
| 702 | 1 |
_aРыжиков _bП.В. _4220 |
|
| 801 | 0 |
_aRU _bNLR _gpsbo |
|
| 801 | 1 |
_aRU _bELAR _2rusmarc |
|
| 852 |
_aNLR _jВ60 Г-4/201 |
||
| 852 |
_aNLR _jТ60 Г-6/8 |
||
| 942 | _cBOOK | ||
| 945 | _aРоссийская национальная библиотека | ||
| 980 | _aNB | ||
| 980 | _aBV | ||